Statistics for NBA YoungBoy

Click here to take the quiz!

General Stats

  • This quiz has been taken 786 times
  • The average score is 6 of 7

Answer Stats

HintAnswer% Correct
Is nba young boy a god?yes
100%
Is nba youngboy better than tay-k?yes
100%
How old is nba young boy?18
91%
How many kids does nba youngboy have?4
91%
Whats his song called that got storm in it?through the storm
63%
Who was nba youngboy raised by?grandma
58%
What is his birth sign?libra
48%

Score Distribution

Percentile by Number Answered

Percent of People with Each Score

Your Score History

You have not taken this quiz